000 00550cam a22001814a 4500
005 20250605164036.0
008 250528s ||||||||||||||||||||||||d
035 _a16808
040 _aGR-AtMCL
_bgre
_dGR-AtMCL
_eAACR2
245 1 _aHoly Bible / Containing the Old and New Testaments
260 _bThe Gideons International,
_c1961
300 _a1108
520 _aTranslated out of the Original Tongues and with the Former Translations diligently compared.
700 1 _aJames King
_92905
942 _cBK
999 _c2270
_d2270